000 00806nam a22002537i 4500
999 _c23478
_d23478
003 AR-CdUCM
008 260122b20222022 pe||||| |||| 00| 0 spa d
020 _a978-612-48880-2-1
040 _aMUNICIPALIDAD PROVINCIAL DEL CUSCO
_cBIBLIOTECA MUNICIPAL DEL CUSCO
041 _hspa
082 _aES / 803
_bL724
100 _aLlatas de los Ríos, Hipólito Alberto
_952106
245 _aMontera Muleta y Estoque /
260 _aBarranco-Lima :
_bEditorial Summa
_c2022
300 _a107 páginas. :
_c20x14 cm.
505 _aOh, toro bravo -- Miura -- Ojos negros -- Escorpión -- Prodigio
650 _aSoledad
_917986
650 _aSacrificio
_952107
650 _aSeñorial
_952108
650 _aLatidos
_952109
856 _fwwwlithoyarte.com
942 _2ddc
_cLIBROS
945 _apbjr
_d22-01-2026